Central Library OPAC University of Rajshahi

Physics of semiconductors : (Record no. 70890)

MARC details
000 -LEADER
fixed length control field 00753nam a22002297a 4500
001 - CONTROL NUMBER
control field 70890
003 - CONTROL NUMBER IDENTIFIER
rucl marc code BD-RjUL
005 - DATE AND TIME OF LATEST TRANSACTION
control field 20211209082042.0
008 - FIXED-LENGTH DATA ELEMENTS--GENERAL INFORMATION
fixed length control field 170422s1976 nyua|||| |||| 00| 0 eng d
020 ## - INTERNATIONAL STANDARD BOOK NUMBER
International Standard Book Number 0720405710
035 ## - SYSTEM CONTROL NUMBER
System control number (BD-RjUL)71104
040 ## - CATALOGING SOURCE
Original cataloging agency BD-RjUL
Language of cataloging eng
Transcribing agency BD-RjUL
041 ## - LANGUAGE CODE
Language code of text/sound track or separate title eng
082 ## - DEWEY DECIMAL CLASSIFICATION NUMBER
Edition number 23
Classification number 537.622
Author mark and year PHY 1976
245 00 - TITLE STATEMENT
Title Physics of semiconductors :
Remainder of title Proceedings of the 13th International Conference Rome, August 30-September 3, 1976 /
Statement of responsibility, etc. Editor F. G. Fumi.
260 ## - PUBLICATION, DISTRIBUTION, ETC. (IMPRINT)
Place of publication, distribution, etc. Amsterdam ;
-- New York :
Name of publisher, distributor, etc. North-Holland Pub. Co.,
Date of publication, distribution, etc. c1976.
300 ## - PHYSICAL DESCRIPTION
Pagination xxiii, 1327 p. :
Illustrations ill. ;
Size 23 cm.
500 ## - GENERAL NOTE
General note Includes index.
650 ## - SUBJECT ADDED ENTRY--TOPICAL TERM
Topical term or geographic name as entry element Semiconductors
General subdivision Congresses.
9 (RLIN) 209801
700 ## - ADDED ENTRY--PERSONAL NAME
Personal name Fumi, F. G.
Fuller form of name Editor
942 ## - ADDED ENTRY ELEMENTS (KOHA)
Source of classification or shelving scheme Dewey Decimal Classification
Koha item type Books
Holdings
Lost status Source of classification or shelving scheme Damaged status Not for loan Collection code Permanent Location Current Location Shelving location Date acquired Source of acquisition Cost, normal purchase price Total Checkouts Full call number Date last seen Copy number Koha item type
  Dewey Decimal Classification   Not For Loan Non-fiction Central Library, University of Rajshahi Central Library, University of Rajshahi Reading Room 01/03/1982 Heffers 55.60   537.622 PHY 1976 22/04/2017 C-1 Books